00501nam a22001337a 4500082001400000100001700014245011300031260006800144300000700212650001300219942000900232952010900241999001700350 a294.5 HIV aYeptho, Hivi aA Study on Spiritual Significance of Gaumata(Mother Cow): In Response to Religious and Political Ideology... aHenry Martyn Institute, HyderabadbHenry Martyn Institutec2021 a86 aHinduism cTHES 001040708REFaHMIbHMIcREFd2021-12-01estudentl0o294.5 HIVp11-4552r2021-12-01w2021-12-01yTHES c23201d23201